| 000 | 00547nam a2200205Ia 4500 | ||
|---|---|---|---|
| 005 | 20260429112125.0 | ||
| 008 | 260429s9999||||xx |||||||||||||| ||und|| | ||
| 020 | _a9789391910129 | ||
| 041 | _aEnglish | ||
| 082 |
_a346.048 _bMAN |
||
| 100 | _aMandal, Vivekananda | ||
| 245 | 0 |
_aFundamentals of patents and patenting / _cVivekananda Mandal |
|
| 250 | _a1st ed. | ||
| 260 |
_aHyderabad : _bBs Publications, _c2024. |
||
| 300 | _axii, 188 p.; pbk | ||
| 650 | _a IPR | ||
| 650 | _aPatents | ||
| 700 | _a Chouhan, Kavi Bhushan | ||
| 942 | _cTB | ||
| 999 |
_c52471 _d52471 |
||